000 01116nam a22003377a 4500
003 CHAP
005 20220329143821.0
008 110930s2011 mx a r 00010 spa d
010 _a102282
011 _a103254
020 _a9786074900996
035 _a113943
040 _cCHAP
082 0 4 _a666.3097252
_bC13 2011
100 1 _aCalvillo, Ana Luisa
_917609
245 1 0 _aEcos de Metepec :
_bsemblanzas de artesanos
_c/por Ana Luisa Calvillo
250 _a2 ed.
260 _aToluca, Méx. :
_bInstituto Mexiquense de Cultura,
_c2011
300 _a123 p. :
_bilus.
490 0 _aBiblioteca Mexiquense del Bicentenario
590 _aBATCH-UPD
_b10
_c20130110
_lUCH01
_h1621
590 _aBATCH-UPD
_b10
_c20130410
_lUCH01
_h1015
590 _aBATCH-UPD
_b10
_c20130914
_lUCH01
_h0032
590 _aCONVERSION
_b10
_c20130109
_lUCH01
_h1356
650 1 4 _aAlfarería.
_93901
650 1 4 _aArtes y oficios
_xMéxico (Edo.)
_97755
830 0 _aBiblioteca Mexiquense del Bicentenario
_912411
901 _aBK
942 _cLIBRO
949 _a666.3097252 C13 2011
_bBC
_cLIBRO
_d33724002307231
_eLIBRO
_h115923
_i113943
_sb
999 _c102282
_d102282